000 00434nam a2200169Ia 4500
008 230524s9999 xx 000 0 und d
020 _a9788173714238
082 _a620.4021
_bRAO
100 _aY V C Rao
245 0 _aEngineering Thermodynamics: Through Examples
250 _a1
260 _aHyderabad
_bUniversities Press
_c2011
300 _a694p.
500 _aQuantity Number: 50
650 _aThermodynamics
942 _cBK
999 _c52358
_d52358